|
|
|
|
| LEADER |
00758nam a22001577a 4500 |
| 008 |
210316b ||||| |||| 00| 0 mal d |
| 082 |
|
|
|a 851.56S4
|
| 100 |
|
|
|a സുധാകരൻ, എം
|
| 245 |
|
|
|a മുട്ടത്തു സുധയുടെ കവിതകൾ :
|b കവിതകൾ /
|c സുധാകരൻ.എം
|
| 246 |
|
|
|a Muttathu sudhayute kavithakal :
|b poems /
|
| 260 |
|
|
|a കോട്ടയം :
|b ഡി സി ബുക്സ് ,
|c 1991
|
| 300 |
|
|
|a 153P;
|
| 650 |
|
7 |
|2 fast
|a മലയാളം കവിത
|9 1580014
|
| 942 |
|
|
|c BK
|
| 999 |
|
|
|c 357742
|d 357742
|
| 952 |
|
|
|0 0
|1 0
|2 ddc
|4 0
|6 851_000000000000000_56S4_MUT
|7 0
|9 414911
|a UL
|b UL
|c PROC
|d 2021-03-16
|e Donation -I.G.Bhaskara Panikker Family
|o 851.56S4 MUT
|p G12665
|r 2021-03-16
|v 32.00
|w 2021-03-16
|y BK
|